| 000 | 00780nam a22002057a 4500 | ||
|---|---|---|---|
| 003 | BUBTL | ||
| 008 | 220302b ||||| |||| 00| 0 eng d | ||
| 020 | _a9789848044711 | ||
| 082 | _a891.441/ R1293k/ 2022 | ||
| 100 |
_92156 _aরহমান, মিঞা লুৎফার |
||
| 245 |
_aকাব্য আলেখ্য/ _cমিঞা লুৎফার রহমান |
||
| 250 | _a1st Edn. | ||
| 260 |
_aঢাকা: _bবিশ্বসাহিত্য ভবন, _cc2022 |
||
| 300 |
_a56 p.: _c22 cm. |
||
| 505 | _aকাব্য আলেখ্য, মিঞা লুৎফার রহমান | ||
| 650 | 0 |
_91687 _aবাংলা সাহিত্য |
|
| 856 |
_k0 _l0 _yDownload |
||
| 942 |
_2ddc _cBK |
||
| 999 |
_c6662 _d6662 |
||